000 00416cam a2200169ua 4500
020 _c1.25
041 _amal
_h
082 _a894.8121
_bKRI/BU
100 _aKrishna warrier, N.V .
245 _aBudha charithram /
_cN.V.Krishna warrier.
_hTextual Documents
260 _aKottayam :
_bNational Book Stall ,
_c1957.
300 _a76 ; .
365 _a1.25
504 _a
942 _cBK
999 _c738
_d738